000 00330nam a2200157Ia 4500
001 3036
003 IN-NITTTR
005 20251114232940.0
008 251113s9999||||xx |||||||||||||| ||eng||
040 _beng
040 _cIN-NITTTR
041 _aeng
082 _a530.0724 A67P
245 0 _aPractical physics /
942 _2ddc
_cBK
999 _c4954
_d4954